Normale Ansicht MARC-Ansicht ISBD

Vlast' i intelligencija v sibirskoj provincii (Titelsatznr. 48197)

[ MARC ]
MARC-Details
000 -Satzkennung
Kontrollfeld mit fester Länge 00500nac a22001931ca4500
001 - Kontrollnummer
Kontrollfeld a987682882
003 - Kontrollnummer Identifier
Kontrollfeld RU-10907106
005 - Datum und Zeit der letzten Transaktion
Kontrollfeld 20220905113430.0
008 - Feld mit fester Länge zur physischen Beschreibung - Allgemeine Angaben
Kontrollfeld mit fester Länge 180115s1996 gw |||| 000u rus d
020 ## - Internationale Standardbuchnummer
Internationale Standardbuchnummer 5856180836
Verknüpfung 5-85618-083-6
040 ## - Katalogisierungsquelle
Übertragungsstelle RU-10907106
041 ## - Sprachcode
Sprachcode des Textes/der Tonspur oder des separaten Titels rus
245 00 - Titel
Titel Vlast' i intelligencija v sibirskoj provincii
264 #1 - Produktion, Veröffentlichung, Distribution, Herstellung und Urheberrechtsvermerk
Herstellungs-, Veröffentlichungs- Vertriebs-, Erzeugungsort Novosibirsk,
Datum der Herstellung, der Veröffentlichung, des Vertriebs oder des Urheberschutzvermerks 1996-
651 #0 - Nebeneintragung unter einem Schlagwort - Geografischer Name
Geografischer Name Sibirien
Koha-Normdatenidentnummer 1690
700 1# - Nebeneintragung - Personenname
Personenname Krasilnikov, S. A.
Funktionsbezeichnung HerausgeberIn
Koha-Normdatenidentnummer 9677
942 ## - Zusätzliche Felder (Koha)
Koha-Medientyp Monographien
Klassifikation oder Aufstellungssystematik Andere/Generische Klassifikation
Exemplare
Ausgeschieden Verloren Beschädigt Nicht entleihbar Heimatbibliothek Aufenthaltsbibliothek Aufstellungsort Erwerbungsdatum Inventarnummer Signatur Barcode Letzte Aktivität Preis gültig von Koha-Medientyp
        MWN Osteuropa MWN Osteuropa Magazin - 2 15/01/2018 12-00539 [mehrbändig! Sign. s. bei den Bänden] 48208 23/02/2021 22/03/2021 Monographien